000 01194nam a2200289 a 4500
999 _c377647
_d377647
003 BLK
005 20250212171018.0
008 230321b bul|||||r ||||||| ||bul||
020 _a9789540916446
040 _aBLK
041 _aBUL
_cBUL
080 _aБългарска литература
_b821.163.2
_x-31
_z821.163.2-31
100 _9382271
_aЛюцканова, Весела
_qИванова, Весела Люцканова
139 _aЛюцканова, Весела
_bЛ 97
245 _aЕва и нейните дъщери
_bроман
_cВесела Люцканова
257 _aBGR
260 _9209473
_aСофия
_bЗахарий Стоянов
_c2022
_f([Силистра] : Ковачев прес)
_n978-954-739- ; 978-954-09- ; 954-9559-
300 _a256 с.
_c21 см
380 _aX
500 _aПълната форма на името на авт. Весела Люцканова е Весела Люцканова Иванова
852 _aЦб 316762
_bЦб
856 4 _qpdf
_u
_i0.00
_ldisable
856 4 _qpdf
_u
_i0.00
_ldisable
942 _cKNG
_n0
_s1
_015
944 _aCR
_c2023-03-21
_k30531
_lЦветелина Шанова
999 _d377647